000 00685nam a2200229 a 4500
001 68703
003 BD-RjUL
005 20211209081812.0
008 170405s1993 caua|||| b||| 001 0 eng d
020 _a1558602631
035 _a(BD-RjUL)68913
040 _aBD-RjUL
_beng
_cBD-RjUL
_dBD-RjUL
041 _aeng
082 _223
_a519.625
_bFOU 1993
245 _aFoundations of Genetic Algorithms.2 /
_cEdited by, L. Darrell Whitley
260 _aSan Mateo :
_bMorgan Gaufmann,
_cc1993.
300 _a322 p. :
_bill. ;
_c24 cm.
504 _aIncludes bibliographies and indexes.
650 _aGenetic algorithms.
_9161581
700 _aWhitley, L. Darrell.
_9161582
942 _2ddc
_cBK
999 _c68703
_d68703